| 000 | 00501nam a2200157Ia 4500 | ||
|---|---|---|---|
| 008 | 230907s9999||||xx |||||||||||||| ||und|| | ||
| 082 |
_a621.3 _bTAI |
||
| 100 |
_aMuhammad Taimoor Talat (00000206678) _9116631 |
||
| 245 | 0 | _aPseudo Random Binary Sequence Technique for Li-ion Cell Parameter Extraction / | |
| 260 |
_aUSPCAS-E, NUST, _bIslamabad : _c2021 |
||
| 300 | _a75 p. | ||
| 520 | _aTH-307 | ||
| 650 |
_aMS-EPE Thesis _9116632 |
||
| 700 |
_aDr Hassan Abdullah Khalid _928912 |
||
| 942 |
_cTHE _2ddc |
||
| 999 |
_c601985 _d601985 |
||